Rediseño del sistema de Seguridad e Higiene Laboral
El presente trabajo monográfico se realizó con el fin de proponer el rediseño del sistema de seguridad e higiene laboral en la gerencia industrial de esta empresa. Incluye estudio del sistema de seguridad e higiene laboral existente en la gerencia industrial de Agroinsa, diagnóstico de seguridad...
| Main Authors: | , |
|---|---|
| Other Authors: | |
| Format: | Tesis Section = Libro |
| Language: | Undetermined Spanish |
| Published: |
Managua
UNI
1999
|
| Subjects: |
| LEADER | 01233nam a2200241Ia 4500 | ||
|---|---|---|---|
| 008 | 240830s9999 xx 000 0 und d | ||
| 040 | |a BIBLIOTECA-RUPAP Mon 658.28 L296 | ||
| 041 | |a spa | ||
| 082 | |a Mon 658.28 L296 | ||
| 100 | 1 | |a Lanuza Valle, Zobeyda | |
| 100 | 1 | |b Mairena Molina, Ramiro | |
| 245 | 1 | 0 | |a Rediseño del sistema de Seguridad e Higiene Laboral |
| 260 | |a Managua |b UNI |c 1999 | ||
| 300 | |a 161 p. :il. | ||
| 500 | |a Contiene: cuadros y anexos. | ||
| 502 | |a Tesis (Ingeniero Industrial)- UNI, 1999. | ||
| 520 | 3 | |a El presente trabajo monográfico se realizó con el fin de proponer el rediseño del sistema de seguridad e higiene laboral en la gerencia industrial de esta empresa. Incluye estudio del sistema de seguridad e higiene laboral existente en la gerencia industrial de Agroinsa, diagnóstico de seguridad e higiene laboral en la gerencia industrial de Agroinsa, rediseño del sistema de seguridad e higiene laboral en la gerencia industrial de Agroinsa y el presupuesto financiero de la implementación del rediseño de seguridad industrial. | |
| 650 | 7 | |a SEGURIDAD INDUSTRIAL | |
| 650 | 7 | |b HIGIENE INDUSTRIAL | |
| 700 | 1 | |a Tutor: |b Castillo, Oscar | |
| 942 | |c BK |2 ddc | ||
| 991 | |a TESIS | ||
| 999 | |c 17054 | ||